00626nam a2200181 a 450000100100000000500170001000800410002702000180006802000180008604000250010408200160012910000240014524500790016926000490024830000170029750500600031450000700037400004786220201002060759.0181001s2018 dr r 000 0 spa d a9789945088465 a9789945609387 aDO-SdBNPbspacBNPHU axxxxbC352r1 aCastillo, Waldo. H.10aRespuestas bíblicas :bmanual de fundamento cristiano /cW. H. Castillo. aSanto Domingo :bBúho ;bSantuario,c2018. av. ;c23 cm.0 av. 2 :t"Preparando un pueblo bien dispuesto para Dios" aIncluye datos biográficos del autor en la solapa de la cubierta